| 000 | 01411cam a2200433 i 4500 | ||
|---|---|---|---|
| 001 | on1231599820 | ||
| 003 | TZ-ArACH | ||
| 005 | 20230203121305.0 | ||
| 008 | 210115s2020 fr b 001 0 fre d | ||
| 010 | _a 2020503252 | ||
| 020 |
_a9782343207667 _q(paperback) |
||
| 020 |
_a2343207666 _q(paperback) |
||
| 035 | _a(OCoLC)1231599820 | ||
| 040 |
_aAUXAM _beng _erda _cTZ-ArACH |
||
| 042 | _alccopycat | ||
| 043 | _af------ | ||
| 049 | _aTZAA | ||
| 050 | 0 | 0 |
_aJZ6377 _b.A48 2020 |
| 100 | 1 |
_aAmvane, Gabriel, _d1982- _eauthor. |
|
| 245 | 1 | 2 |
_aEfficacité du maintien de la paix en Afrique par l'ONU et l'Union africaine / _cGabriel Amvane. |
| 260 |
_aParis : _bL'Harmattan, _c[2020] |
||
| 300 |
_a487 pages ; _c24 cm. |
||
| 490 | 1 |
_aRelations internationales du monde contemporain, _x2605-9819 |
|
| 504 | _aIncludes bibliographical references (pages 411-475) and index. | ||
| 610 | 2 | 0 | _aAfrican Union. |
| 610 | 2 | 0 | _aUnited Nations. |
| 610 | 2 | 7 |
_aAfrican Union. _2fast |
| 610 | 2 | 7 |
_aUnited Nations. _2fast |
| 650 | 0 |
_aPeacekeeping forces _zAfrica. _915372 |
|
| 650 | 7 |
_aAfrica. _2ascl |
|
| 650 | 7 |
_apeacekeeping operations. _2ascl |
|
| 650 | 7 |
_aconflict resolution. _2ascl |
|
| 650 | 7 |
_aAfrican Union. _2ascl |
|
| 650 | 7 |
_aUN. _2ascl |
|
| 650 | 7 |
_aPeacekeeping forces. _2fast |
|
| 651 | 7 |
_aAfrica. _2fast |
|
| 830 | 0 | _aRelations internationales du monde contemporain. | |
| 942 |
_2lcc _cBOOK |
||
| 999 |
_c6728 _d6728 |
||